Aparatos de elevación y transporte / (Record no. 60168)

MARC details
000 -LEADER
campo de control de longitud fija 00679nam a2200217 i 4500
001 - NÚMERO DE CONTROL
campo de control 60168
003 - IDENTIFICADOR DE NÚMERO DE CONTROL
campo de control ES-MaACL
005 - FECHA Y HORA DE LA ÚLTIMA TRANSACCIÓN
campo de control 20230906164152.0
007 - CAMPO FIJO DE DESCRIPCIÓN FÍSICA--INFORMACIÓN GENERAL
campo de control de longitud fija t|
008 - DATOS DE LONGITUD FIJA--INFORMACIÓN GENERAL
campo de control de longitud fija 031103m19701972sp ||||1| spa d
080 ## - NÚMERO DE LA CLASIFICACIÓN DECIMAL UNIVERSAL
Número de la Clasificación Decimal Universal 621.87
100 1# - ENTRADA PRINCIPAL--NOMBRE DE PERSONA
Nombre de persona Ernst, Hellmut.
9 (RLIN) 47417
245 10 - MENCIÓN DEL TÍTULO
Título Aparatos de elevación y transporte /
Mención de responsabilidad, etc. Hellmut Ernst ; [traducción de Julio Pinto].
250 ## - MENCION DE EDICION
Mención de edición 1ª ed.
260 ## - PUBLICACIÓN, DISTRIBUCIÓN, ETC.
Lugar de publicación, distribución, etc. Barcelona :
Nombre del editor, distribuidor, etc. Blume,
Fecha de publicación, distribución, etc. 1970-1972.
300 ## - DESCRIPCIÓN FÍSICA
Extensión 2 v. :
Otras características físicas il. ;
Dimensiones 28 cm.
505 8# - NOTA DE CONTENIDO CON FORMATO
Nota de contenido con formato Contiene: 1. Principios y elementos constructivos - 3. Ejecuciones especiales
650 #4 - PUNTO DE ACCESO ADICIONAL DE MATERIA--TÉRMINO DE MATERIA
Término de materia o nombre geográfico como elemento de entrada Máquinas elevadoras.
9 (RLIN) 174627
700 1# - ENTRADA AGREGADA--NOMBRE PERSONAL
Nombre de persona Pinto, Julio.
9 (RLIN) 92222
852 4# - LOCALIZACIÓN
Ubicación ES-MaACL
Número de control de estantería P-1485
Holdings
Estatus retirado Estado de pérdida Estado de daño No para préstamo Biblioteca de origen Biblioteca actual Ubicación en estantería Fecha de adquisición Fuente de adquisición Total de préstamos Signatura topográfica completa Código de barras Visto por última vez Precio de reemplazo Tipo de ítem Koha
        Biblioteca del Ateneo de Madrid Biblioteca del Ateneo de Madrid Depósito 2 17/01/2008     P-1485 1063112 23/02/2023 23/02/2023 Libro impreso